00222nam a2200085 a 450000500170000000800410001705000170005824500510007526000100012620141022142003.0120307s19uu xx 00 eng d aCDbM47 2008 aMedical surgical nursing made incredible easy. c2008.